Uncharted: The New Landscape of Tourism (Record no. 14354)
[ view plain ]
| 000 -LEADER | |
|---|---|
| fixed length control field | 00257nam a2200109Ia 4500 |
| 003 - CONTROL NUMBER IDENTIFIER | |
| control field | OSt |
| 008 - FIXED-LENGTH DATA ELEMENTS--GENERAL INFORMATION | |
| fixed length control field | 260210s9999 xx 000 0 und d |
| 020 ## - INTERNATIONAL STANDARD BOOK NUMBER | |
| International Standard Book Number | 9781940291482 |
| 082 ## - DEWEY DECIMAL CLASSIFICATION NUMBER | |
| Classification number | 720.92 |
| 245 #0 - TITLE STATEMENT | |
| Title | Uncharted: The New Landscape of Tourism |
| 942 ## - ADDED ENTRY ELEMENTS (KOHA) | |
| Item type | UG Books |
| Source of classification or shelving scheme | |
| Withdrawn status | Lost status | Source of classification or shelving scheme | Damaged status | Koha normalized classification for sorting | Not for loan | Permanent location | Current location | Shelving location | Date acquired | Full call number | Barcode | Date last seen | Price effective from | Koha item type |
|---|---|---|---|---|---|---|---|---|---|---|---|---|---|---|
| 720_920000000000000 | BMS College of Architecture, Design and Planning | BMS College of Architecture, Design and Planning | General Stacks | 2025-12-19 | 720.92 | AR-UG5292 | 2026-02-10 | 2026-02-10 | UG Books |